[Event "Rapid 2018"]
[Site "Saint-Petersburg"]
[Date "2018.12.27"]
[Round "10"]
[Board "21"]
[White "Jakovenko Dmitry (RUS)"]
[Black "Tari Aryan (NOR)"]
[Result "1-0"]
[LiveChessVersion "1.4.8"]
[BlackElo "2554"]
[WhiteElo "2731"]

1. Nf3 {[%clk 0:15:10]} Nf6 {[%clk 0:15:10]} 2. c4 {[%clk 0:15:17]} c5
{[%clk 0:15:17]} 3. Nc3 {[%clk 0:15:25]} d5 {[%clk 0:15:25]} 4. cxd5
{[%clk 0:15:34]} Nxd5 {[%clk 0:15:34]} 5. e3 {[%clk 0:15:43]} Nxc3
{[%clk 0:15:41]} 6. bxc3 {[%clk 0:15:51]} g6 {[%clk 0:15:49]} 7. Bb5+
{[%clk 0:15:59]} Bd7 {[%clk 0:15:40]} 8. Be2 {[%clk 0:16:07]} Bg7
{[%clk 0:15:45]} 9. O-O {[%clk 0:16:14]} O-O {[%clk 0:15:52]} 10. d4
{[%clk 0:16:22]} Qa5 {[%clk 0:15:52]} 11. Qb3 {[%clk 0:16:27]} Bc6
{[%clk 0:15:48]} 12. Bd2 {[%clk 0:16:33]} Rd8 {[%clk 0:14:51]} 13. Rac1
{[%clk 0:16:36]} Qc7 {[%clk 0:14:03]} 14. Rfd1 {[%clk 0:16:35]} b6
{[%clk 0:14:01]} 15. a4 {[%clk 0:14:59]} e6 {[%clk 0:12:25]} 16. c4
{[%clk 0:13:55]} cxd4 {[%clk 0:11:21]} 17. Nxd4 {[%clk 0:13:09]} Qd7
{[%clk 0:10:49]} 18. Nxc6 {[%clk 0:12:35]} Nxc6 {[%clk 0:10:53]} 19. c5
{[%clk 0:12:30]} Ne5 {[%clk 0:09:25]} 20. c6 {[%clk 0:11:51]} Nxc6
{[%clk 0:07:47]} 21. Bc3 {[%clk 0:11:29]} Qc7 {[%clk 0:03:05]} 22. Bxg7
{[%clk 0:11:35]} Rxd1+ {[%clk 0:02:57]} 23. Bxd1 {[%clk 0:11:00]} Kxg7
{[%clk 0:03:05]} 24. Bf3 {[%clk 0:10:28]} 1-0

[Event "Rapid 2018"]
[Site "Saint-Petersburg"]
[Date "2018.12.27"]
[Round "10"]
[Board "23"]
[White "Jobava Baadur (GEO)"]
[Black "Alekseenko Kirill (RUS)"]
[Result "0-1"]
[LiveChessVersion "1.4.8"]
[BlackElo "2635"]
[WhiteElo "2718"]

1. b3 {[%clk 0:15:18]} d5 {[%clk 0:15:07]} 2. Bb2 {[%clk 0:15:27]} Bf5
{[%clk 0:15:10]} 3. e3 {[%clk 0:15:34]} e6 {[%clk 0:15:18]} 4. Nc3
{[%clk 0:15:41]} Nf6 {[%clk 0:15:17]} 5. Nge2 {[%clk 0:15:35]} c5
{[%clk 0:14:57]} 6. Ng3 {[%clk 0:14:25]} Bg6 {[%clk 0:15:03]} 7. Bb5+
{[%clk 0:14:30]} Nc6 {[%clk 0:14:27]} 8. Nce2 {[%clk 0:14:21]} Bd6
{[%clk 0:12:21]} 9. h4 {[%clk 0:14:05]} h6 {[%clk 0:09:50]} 10. Nf4
{[%clk 0:14:10]} O-O {[%clk 0:08:57]} 11. Bxc6 {[%clk 0:14:12]} bxc6
{[%clk 0:09:03]} 12. Qe2 {[%clk 0:13:02]} Bh7 {[%clk 0:08:36]} 13. O-O-O
{[%clk 0:12:37]} e5 {[%clk 0:07:02]} 14. Nh3 {[%clk 0:12:45]} a5 {[%clk 0:07:04]}
15. Ng5 {[%clk 0:12:52]} Bg6 {[%clk 0:06:46]} 16. h5 {[%clk 0:11:33]} Nxh5
{[%clk 0:06:32]} 17. Nxh5 {[%clk 0:11:41]} Qxg5 {[%clk 0:06:37]} 18. g4
{[%clk 0:08:42]} f5 {[%clk 0:05:54]} 19. Nxg7 {[%clk 0:08:32]} fxg4
{[%clk 0:05:32]} 20. Rdg1 {[%clk 0:03:18]} Kxg7 {[%clk 0:05:41]} 21. Rxg4
{[%clk 0:02:28]} Qf5 {[%clk 0:05:50]} 22. d3 {[%clk 0:01:25]} Qxf2
{[%clk 0:05:16]} 23. Rxg6+ {[%clk 0:01:21]} Kxg6 {[%clk 0:05:17]} 24. Qg4+
{[%clk 0:01:18]} Kf7 {[%clk 0:04:51]} 25. Qd7+ {[%clk 0:00:51]} Be7
{[%clk 0:04:59]} 26. Qxc6 {[%clk 0:01:00]} Rad8 {[%clk 0:05:00]} 27. Kb1
{[%clk 0:00:38]} Rg8 {[%clk 0:04:32]} 28. Rxh6 Rg1+ 29. Bc1 Qf1 {[%clk 0:04:25]}
30. Qe6+ {[%clk 0:00:26]} Kg7 {[%clk 0:04:31]} 31. Rg6+ {[%clk 0:00:35]} Rxg6
{[%clk 0:03:22]} 32. Qxe7+ {[%clk 0:00:44]} Qf7 {[%clk 0:03:30]} 33. Qxd8
{[%clk 0:00:53]} a4 {[%clk 0:03:17]} 34. Qb8 {[%clk 0:00:39]} Qe7
{[%clk 0:02:43]} 35. Qa8 {[%clk 0:00:18]} Qd7 {[%clk 0:02:22]} 36. Qa5
{[%clk 0:00:21]} Qc6 {[%clk 0:02:09]} 37. Qa7+ {[%clk 0:00:25]} Kf6
{[%clk 0:02:00]} 38. Ba3 {[%clk 0:00:34]} Rg1+ {[%clk 0:01:36]} 39. Kb2
{[%clk 0:00:42]} c4 {[%clk 0:01:39]} 40. dxc4 {[%clk 0:00:40]} dxc4
{[%clk 0:01:47]} 41. bxa4 {[%clk 0:00:47]} c3+ {[%clk 0:01:53]} 42. Kb3
{[%clk 0:00:56]} Rb1+ {[%clk 0:02:00]} 0-1

[Event "Rapid 2018"]
[Site "Saint-Petersburg"]
[Date "2018.12.27"]
[Round "10"]
[Board "24"]
[White "Ragger Markus (AUT)"]
[Black "Bocharov Dmitry (RUS)"]
[Result "1/2-1/2"]
[LiveChessVersion "1.4.8"]
[BlackElo "2683"]
[WhiteElo "2632"]

1. e4 {[%clk 0:15:19]} c5 {[%clk 0:15:15]} 2. Nf3 {[%clk 0:15:27]} d6
{[%clk 0:15:24]} 3. d4 {[%clk 0:15:36]} cxd4 {[%clk 0:15:30]} 4. Nxd4
{[%clk 0:15:44]} Nf6 {[%clk 0:15:38]} 5. Nc3 {[%clk 0:15:53]} a6 {[%clk 0:15:47]}
6. g3 {[%clk 0:16:01]} g6 {[%clk 0:12:17]} 7. Bg2 {[%clk 0:16:10]} Bg7
{[%clk 0:12:26]} 8. O-O {[%clk 0:16:17]} O-O {[%clk 0:12:34]} 9. h3
{[%clk 0:16:21]} Nc6 {[%clk 0:12:31]} 10. Be3 {[%clk 0:16:27]} Bd7
{[%clk 0:12:34]} 11. Nd5 {[%clk 0:16:29]} Ne5 {[%clk 0:12:17]} 12. b3
{[%clk 0:15:10]} e6 {[%clk 0:08:15]} 13. Nxf6+ {[%clk 0:14:32]} Bxf6
{[%clk 0:08:23]} 14. c4 {[%clk 0:14:26]} Qc7 {[%clk 0:08:24]} 15. Qd2
{[%clk 0:13:39]} Rfd8 {[%clk 0:08:03]} 16. Rfd1 {[%clk 0:12:49]} Be8
{[%clk 0:08:05]} 17. Bg5 {[%clk 0:12:06]} Qe7 {[%clk 0:08:03]} 18. Bxf6
{[%clk 0:10:55]} Qxf6 {[%clk 0:08:11]} 19. Qb4 {[%clk 0:11:04]} Rab8
{[%clk 0:06:42]} 20. f4 {[%clk 0:10:17]} Nc6 {[%clk 0:06:38]} 21. Nxc6
{[%clk 0:10:18]} Bxc6 {[%clk 0:06:40]} 22. Qb6 {[%clk 0:07:37]} e5
{[%clk 0:06:37]} 23. Rf1 {[%clk 0:07:45]} exf4 {[%clk 0:06:38]} 24. gxf4
{[%clk 0:07:44]} Re8 {[%clk 0:06:40]} 25. Rae1 {[%clk 0:07:52]} Re7
{[%clk 0:06:38]} 26. e5 {[%clk 0:06:30]} dxe5 {[%clk 0:06:13]} 27. Bxc6
{[%clk 0:06:38]} Rc8 {[%clk 0:05:02]} 28. Rxe5 {[%clk 0:06:36]} Rxe5
{[%clk 0:03:25]} 29. Qxb7 {[%clk 0:06:00]} Ree8 {[%clk 0:03:24]} 30. Bxe8
{[%clk 0:06:04]} Qd4+ {[%clk 0:03:25]} 31. Kg2 {[%clk 0:05:56]} Rxe8
{[%clk 0:03:32]} 32. Rf2 {[%clk 0:05:38]} Re3 {[%clk 0:03:15]} 33. f5
{[%clk 0:04:29]} Qe5 {[%clk 0:02:11]} 34. Qc8+ {[%clk 0:04:37]} Kg7
{[%clk 0:02:19]} 35. f6+ {[%clk 0:04:45]} Kh6 {[%clk 0:02:28]} 36. Qg4
{[%clk 0:04:51]} Re4 {[%clk 0:02:32]} 37. Qg3 {[%clk 0:04:41]} Qe6
{[%clk 0:01:52]} 38. c5 {[%clk 0:04:15]} g5 {[%clk 0:01:50]} 39. Kh2
{[%clk 0:02:52]} Qd5 {[%clk 0:01:46]} 40. Qc3 {[%clk 0:02:41]} Rd4
{[%clk 0:01:29]} 41. c6 {[%clk 0:00:22]} Qd6+ {[%clk 0:01:26]} 42. Qg3
{[%clk 0:00:20]} Qxc6 {[%clk 0:01:27]} 43. Qg2 {[%clk 0:00:27]} Qd6+
{[%clk 0:01:20]} 44. Qg3 {[%clk 0:00:37]} Qd5 {[%clk 0:01:10]} 45. Qb8
{[%clk 0:00:36]} Rd1 {[%clk 0:00:44]} 46. Rg2 {[%clk 0:00:42]} Kh5
{[%clk 0:00:43]} 47. Qg3 {[%clk 0:00:40]} Rd4 {[%clk 0:00:33]} 48. Qb8
{[%clk 0:00:34]} Qd6+ {[%clk 0:00:27]} 49. Qxd6 {[%clk 0:00:40]} Rxd6
{[%clk 0:00:36]} 50. b4 {[%clk 0:00:33]} Rd3 {[%clk 0:00:38]} 51. Rg3
{[%clk 0:00:25]} Rd2+ {[%clk 0:00:45]} 52. Rg2 {[%clk 0:00:34]} Rd1
{[%clk 0:00:31]} 53. Rg1 {[%clk 0:00:38]} Rd4 {[%clk 0:00:36]} 54. Rg4
{[%clk 0:00:47]} Rd5 {[%clk 0:00:29]} 55. a4 {[%clk 0:00:50]} Kg6
{[%clk 0:00:34]} 56. Rc4 {[%clk 0:00:27]} Rd2+ {[%clk 0:00:34]} 57. Kg3
{[%clk 0:00:31]} Rb2 {[%clk 0:00:41]} 58. Rc6 {[%clk 0:00:36]} Rxb4
{[%clk 0:00:42]} 59. Rxa6 {[%clk 0:00:45]} h5 {[%clk 0:00:50]} 60. a5
{[%clk 0:00:43]} Kf5 {[%clk 0:00:56]} 61. Rb6 {[%clk 0:00:38]} Ra4
{[%clk 0:01:01]} 62. a6 {[%clk 0:00:48]} Ra3+ {[%clk 0:01:07]} 63. Kg2
{[%clk 0:00:56]} Ra4 {[%clk 0:00:51]} 64. Kg3 {[%clk 0:01:03]} Ra2
{[%clk 0:00:41]} 65. Kf3 {[%clk 0:01:09]} h4 {[%clk 0:00:47]} 66. Rc6
{[%clk 0:01:10]} Ra3+ {[%clk 0:00:49]} 67. Kg2 {[%clk 0:01:19]} Ke5
{[%clk 0:00:56]} 68. Rb6 {[%clk 0:01:26]} Kf5 {[%clk 0:00:44]} 69. Rc6
{[%clk 0:01:34]} Kg6 {[%clk 0:00:38]} 70. Rb6 {[%clk 0:01:39]} Kf5
{[%clk 0:00:39]} 71. Rc6 {[%clk 0:01:48]} Ra5 {[%clk 0:00:40]} 72. Rb6
{[%clk 0:01:54]} Ra4 {[%clk 0:00:40]} 73. Rc6 {[%clk 0:01:54]} g4
{[%clk 0:00:36]} 74. hxg4+ {[%clk 0:02:02]} Kxg4 {[%clk 0:00:45]} 75. Rb6
{[%clk 0:01:54]} h3+ {[%clk 0:00:42]} 76. Kh2 {[%clk 0:02:03]} Ra2+
{[%clk 0:00:50]} 77. Kh1 {[%clk 0:02:09]} Kf4 {[%clk 0:00:45]} 78. Rb7
{[%clk 0:01:47]} Rxa6 {[%clk 0:00:38]} 1/2-1/2

[Event "Rapid 2018"]
[Site "Saint-Petersburg"]
[Date "2018.12.27"]
[Round "10"]
[Board "25"]
[White "Fridman Daniel (GER)"]
[Black "Rakhmanov Aleksandr (RUS)"]
[Result "1/2-1/2"]
[LiveChessVersion "1.4.8"]
[BlackElo "2613"]
[WhiteElo "2677"]

1. d4 {[%clk 0:15:18]} Nf6 {[%clk 0:15:17]} 2. Nf3 {[%clk 0:15:25]} g6
{[%clk 0:15:24]} 3. g3 {[%clk 0:15:34]} Bg7 {[%clk 0:15:32]} 4. Bg2
{[%clk 0:15:42]} O-O {[%clk 0:15:39]} 5. c4 {[%clk 0:15:41]} c6 {[%clk 0:15:45]}
6. O-O {[%clk 0:15:50]} d5 {[%clk 0:15:54]} 7. Nbd2 {[%clk 0:15:57]} Bf5
{[%clk 0:15:57]} 8. b3 {[%clk 0:16:05]} Ne4 {[%clk 0:16:04]} 9. Bb2
{[%clk 0:16:14]} Nd7 {[%clk 0:16:02]} 10. e3 {[%clk 0:16:21]} Nxd2
{[%clk 0:16:08]} 11. Nxd2 {[%clk 0:16:22]} Nf6 {[%clk 0:16:02]} 12. Qe2
{[%clk 0:16:28]} Qd7 {[%clk 0:15:58]} 13. Rfc1 {[%clk 0:15:13]} Rfc8
{[%clk 0:15:39]} 14. Nf3 {[%clk 0:14:53]} Bg4 {[%clk 0:15:35]} 15. Qf1
{[%clk 0:14:53]} Bxf3 {[%clk 0:15:36]} 16. Bxf3 {[%clk 0:15:01]} e6
{[%clk 0:15:44]} 17. Qd3 {[%clk 0:14:21]} Ne8 {[%clk 0:15:51]} 18. Rc2
{[%clk 0:12:35]} Nd6 {[%clk 0:15:52]} 19. Rac1 {[%clk 0:11:44]} Re8
{[%clk 0:15:56]} 20. Ba3 {[%clk 0:11:31]} Bf8 {[%clk 0:15:49]} 1/2-1/2

[Event "Rapid 2018"]
[Site "Saint-Petersburg"]
[Date "2018.12.27"]
[Round "10"]
[Board "26"]
[White "Predke Alexandr (RUS)"]
[Black "Riazantsev Alexander (RUS)"]
[Result "1/2-1/2"]
[LiveChessVersion "1.4.8"]
[BlackElo "2677"]
[WhiteElo "2566"]

1. e4 {[%clk 0:15:18]} e6 {[%clk 0:15:20]} 2. d4 {[%clk 0:15:24]} d5
{[%clk 0:15:29]} 3. e5 {[%clk 0:15:33]} c5 {[%clk 0:15:38]} 4. c3
{[%clk 0:15:41]} Nc6 {[%clk 0:15:47]} 5. Nf3 {[%clk 0:15:50]} Qb6
{[%clk 0:15:56]} 6. Na3 {[%clk 0:15:59]} Bd7 {[%clk 0:15:13]} 7. Nc2
{[%clk 0:15:57]} cxd4 {[%clk 0:14:32]} 8. cxd4 {[%clk 0:16:04]} Rc8
{[%clk 0:13:59]} 9. Be2 {[%clk 0:15:05]} Nb4 {[%clk 0:13:40]} 10. Ne3
{[%clk 0:14:55]} Bb5 {[%clk 0:13:48]} 11. O-O {[%clk 0:13:47]} Bxe2
{[%clk 0:13:56]} 12. Qxe2 {[%clk 0:13:56]} Qa6 {[%clk 0:14:06]} 13. Qxa6
{[%clk 0:13:51]} Nxa6 {[%clk 0:14:11]} 14. Bd2 {[%clk 0:13:43]} Bb4
{[%clk 0:13:40]} 15. Rfc1 {[%clk 0:12:57]} Ne7 {[%clk 0:13:34]} 16. Rxc8+
{[%clk 0:12:47]} Nxc8 {[%clk 0:13:43]} 17. Rc1 {[%clk 0:12:53]} Kd7
{[%clk 0:13:36]} 18. a3 {[%clk 0:11:16]} Be7 {[%clk 0:13:31]} 19. Kf1
{[%clk 0:11:14]} Nb6 {[%clk 0:13:35]} 20. Ke2 {[%clk 0:11:18]} Nb8
{[%clk 0:12:55]} 21. h4 {[%clk 0:10:46]} h5 {[%clk 0:12:47]} 22. g3
{[%clk 0:10:38]} Nc6 {[%clk 0:12:55]} 23. Kd3 {[%clk 0:10:27]} a5
{[%clk 0:10:14]} 24. Ng1 {[%clk 0:10:04]} f6 {[%clk 0:09:43]} 25. f4
{[%clk 0:09:13]} f5 {[%clk 0:07:26]} 26. Ne2 {[%clk 0:09:20]} a4 {[%clk 0:07:29]}
27. Nc3 {[%clk 0:09:04]} Ra8 {[%clk 0:07:38]} 28. Nb5 {[%clk 0:08:57]} Ra6
{[%clk 0:07:04]} 29. Rc2 {[%clk 0:08:50]} Nc8 {[%clk 0:06:55]} 30. Nd1
{[%clk 0:08:48]} N8a7 {[%clk 0:06:47]} 31. Nxa7 {[%clk 0:08:18]} Nxa7
{[%clk 0:06:56]} 32. Nc3 {[%clk 0:08:10]} b5 {[%clk 0:06:48]} 33. Na2
{[%clk 0:08:05]} Nc6 {[%clk 0:06:24]} 34. Bb4 {[%clk 0:06:11]} Bxb4
{[%clk 0:05:25]} 35. axb4 {[%clk 0:06:11]} Kc7 {[%clk 0:04:24]} 36. Rc3
{[%clk 0:06:08]} Kb6 {[%clk 0:04:31]} 37. Ke3 {[%clk 0:05:54]} Ra8
{[%clk 0:04:37]} 38. Rd3 {[%clk 0:05:38]} Rh8 {[%clk 0:04:39]} 39. Rc3
{[%clk 0:05:06]} Rh6 {[%clk 0:04:36]} 40. Rd3 {[%clk 0:04:35]} Kb7
{[%clk 0:04:20]} 41. Kf2 {[%clk 0:04:11]} Rh8 {[%clk 0:04:26]} 42. Ke3
{[%clk 0:04:14]} Ra8 {[%clk 0:02:42]} 43. Rc3 {[%clk 0:04:13]} Kb6
{[%clk 0:02:50]} 44. Ra3 {[%clk 0:04:00]} Rc8 {[%clk 0:02:18]} 45. Rc3
{[%clk 0:04:05]} Rc7 {[%clk 0:02:24]} 46. Rc5 {[%clk 0:03:38]} Na7
{[%clk 0:01:30]} 47. Rxc7 {[%clk 0:01:36]} Kxc7 {[%clk 0:01:39]} 48. Kd3
{[%clk 0:01:45]} Nc8 {[%clk 0:01:44]} 49. Nc3 {[%clk 0:01:46]} Kc6
{[%clk 0:01:53]} 50. Nd1 {[%clk 0:01:40]} Nb6 {[%clk 0:02:02]} 51. Kc3
{[%clk 0:01:49]} Nc4 {[%clk 0:02:08]} 52. Kc2 {[%clk 0:01:57]} Kb6
{[%clk 0:01:49]} 53. Kc3 {[%clk 0:02:05]} Kc6 {[%clk 0:01:50]} 54. Kc2
{[%clk 0:02:13]} Kb6 {[%clk 0:01:35]} 55. Kc3 {[%clk 0:02:16]} Kc6
{[%clk 0:01:44]} 56. Kc2 {[%clk 0:02:24]} 1/2-1/2

[Event "Rapid 2018"]
[Site "Saint-Petersburg"]
[Date "2018.12.27"]
[Round "10"]
[Board "27"]
[White "Petrosian Tigran L. (ARM)"]
[Black "Khusnutdinov Rustam (KAZ)"]
[Result "1/2-1/2"]
[LiveChessVersion "1.4.8"]
[BlackElo "2530"]
[WhiteElo "2676"]

1. Nf3 {[%clk 0:15:19]} c5 {[%clk 0:15:19]} 2. g3 {[%clk 0:15:26]} Nc6
{[%clk 0:15:28]} 3. Bg2 {[%clk 0:15:35]} g6 {[%clk 0:15:37]} 4. c4
{[%clk 0:15:44]} Bg7 {[%clk 0:15:45]} 5. Nc3 {[%clk 0:15:53]} Nf6
{[%clk 0:15:54]} 6. d4 {[%clk 0:15:59]} cxd4 {[%clk 0:16:03]} 7. Nxd4
{[%clk 0:16:08]} O-O {[%clk 0:16:11]} 8. O-O {[%clk 0:16:16]} Qa5
{[%clk 0:16:20]} 9. e3 {[%clk 0:16:21]} Ne5 {[%clk 0:16:24]} 10. Qe2
{[%clk 0:16:15]} d6 {[%clk 0:16:33]} 11. Bd2 {[%clk 0:16:23]} Bg4
{[%clk 0:16:41]} 12. f3 {[%clk 0:16:31]} Bd7 {[%clk 0:16:50]} 13. Nd5
{[%clk 0:14:15]} Qd8 {[%clk 0:16:58]} 14. Nxf6+ {[%clk 0:14:22]} Bxf6
{[%clk 0:17:07]} 15. b3 {[%clk 0:14:24]} Rc8 {[%clk 0:14:42]} 16. Rac1
{[%clk 0:14:32]} Nc6 {[%clk 0:13:36]} 17. Bc3 {[%clk 0:14:34]} Nxd4
{[%clk 0:13:43]} 18. Bxd4 {[%clk 0:14:32]} Bxd4 {[%clk 0:13:45]} 19. exd4
{[%clk 0:14:40]} e6 {[%clk 0:13:54]} 20. b4 {[%clk 0:13:18]} b6 {[%clk 0:13:34]}
21. f4 {[%clk 0:13:09]} Qf6 {[%clk 0:12:57]} 22. Qe3 {[%clk 0:12:42]} Rc7
{[%clk 0:12:55]} 23. Rc3 {[%clk 0:12:45]} Rfc8 {[%clk 0:13:03]} 24. Rfc1
{[%clk 0:12:52]} Bc6 {[%clk 0:12:02]} 25. Bxc6 {[%clk 0:11:30]} Rxc6
{[%clk 0:12:11]} 26. b5 {[%clk 0:11:37]} R6c7 {[%clk 0:12:18]} 27. a4
{[%clk 0:11:44]} h5 {[%clk 0:08:42]} 28. Kg2 {[%clk 0:11:04]} h4 {[%clk 0:07:31]}
29. g4 {[%clk 0:10:38]} d5 {[%clk 0:07:40]} 30. g5 {[%clk 0:02:51]} Qd8
{[%clk 0:03:32]} 31. c5 {[%clk 0:02:58]} bxc5 {[%clk 0:03:41]} 32. Rxc5
{[%clk 0:03:07]} Rxc5 {[%clk 0:03:45]} 33. dxc5 {[%clk 0:02:58]} d4
{[%clk 0:03:53]} 34. Qe4 {[%clk 0:03:06]} Qa5 {[%clk 0:03:54]} 35. Rc4
{[%clk 0:01:07]} Qd2+ {[%clk 0:02:25]} 36. Kh3 {[%clk 0:01:16]} d3
{[%clk 0:02:35]} 37. c6 {[%clk 0:00:30]} Qd1 {[%clk 0:02:41]} 38. Rd4
{[%clk 0:00:36]} Qf1+ {[%clk 0:00:19]} 39. Qg2 {[%clk 0:00:15]} Qa1
{[%clk 0:00:19]} 40. Rxd3 {[%clk 0:00:17]} Qxa4 {[%clk 0:00:28]} 41. Qd2
{[%clk 0:00:24]} Kh7 {[%clk 0:00:22]} 42. Rd7 {[%clk 0:00:14]} Qb3+
{[%clk 0:00:12]} 43. Kxh4 {[%clk 0:00:16]} e5 {[%clk 0:00:14]} 44. Qd5
{[%clk 0:00:15]} Qxd5 {[%clk 0:00:21]} 45. Rxd5 {[%clk 0:00:24]} exf4
{[%clk 0:00:29]} 46. Rd7 {[%clk 0:00:31]} a6 {[%clk 0:00:00]} 1/2-1/2

[Event "Rapid 2018"]
[Site "Saint-Petersburg"]
[Date "2018.12.27"]
[Round "10"]
[Board "28"]
[White "Shirov Alexei (ESP)"]
[Black "Petrov Nikita (RUS)"]
[Result "1/2-1/2"]
[LiveChessVersion "1.4.8"]
[BlackElo "2502"]
[WhiteElo "2674"]

1. e4 {[%clk 0:15:19]} e5 {[%clk 0:15:18]} 2. Nf3 {[%clk 0:15:27]} Nc6
{[%clk 0:15:27]} 3. Bb5 {[%clk 0:15:36]} a6 {[%clk 0:15:30]} 4. Ba4
{[%clk 0:15:44]} b5 {[%clk 0:15:39]} 5. Bb3 {[%clk 0:15:53]} g6 {[%clk 0:15:48]}
6. a4 {[%clk 0:11:21]} b4 {[%clk 0:15:54]} 7. d4 {[%clk 0:11:11]} exd4
{[%clk 0:16:02]} 8. Nxd4 {[%clk 0:10:23]} Na5 {[%clk 0:16:11]} 9. Bd5
{[%clk 0:10:26]} c6 {[%clk 0:16:17]} 10. Ba2 {[%clk 0:10:34]} Bg7
{[%clk 0:16:21]} 11. O-O {[%clk 0:10:38]} Ne7 {[%clk 0:15:57]} 12. c3
{[%clk 0:10:24]} Rb8 {[%clk 0:16:05]} 13. Bf4 {[%clk 0:09:45]} d6
{[%clk 0:15:34]} 14. Nb3 {[%clk 0:05:40]} Nc4 {[%clk 0:14:31]} 15. Qe2
{[%clk 0:05:38]} Be6 {[%clk 0:14:11]} 16. Nd4 {[%clk 0:05:44]} Bxd4
{[%clk 0:14:06]} 17. Bxc4 {[%clk 0:05:51]} bxc3 {[%clk 0:13:56]} 18. bxc3
{[%clk 0:05:30]} Bc5 {[%clk 0:12:58]} 19. Bh6 {[%clk 0:05:03]} d5
{[%clk 0:08:49]} 20. exd5 {[%clk 0:04:30]} Nxd5 {[%clk 0:08:53]} 21. Bxa6
{[%clk 0:04:29]} Bd6 {[%clk 0:05:16]} 22. Bg7 {[%clk 0:04:23]} Nf4
{[%clk 0:04:59]} 23. Qe4 {[%clk 0:04:22]} Qh4 {[%clk 0:04:56]} 24. Qxc6+ Ke7 25.
Re1 {[%clk 0:02:24]} Rb2 {[%clk 0:04:00]} 26. Nd2 {[%clk 0:02:08]} Rxd2
{[%clk 0:03:12]} 27. Qb7+ {[%clk 0:01:51]} Kd8 {[%clk 0:02:57]} 28. Qa8+
{[%clk 0:01:59]} Kc7 {[%clk 0:02:41]} 29. Qa7+ {[%clk 0:02:05]} Kd8
{[%clk 0:02:50]} 30. Qa8+ {[%clk 0:00:29]} Kc7 {[%clk 0:02:52]} 31. Qb7+
{[%clk 0:00:35]} Kd8 {[%clk 0:03:01]} 32. Qa7 1/2-1/2

[Event "Rapid 2018"]
[Site "Saint-Petersburg"]
[Date "2018.12.27"]
[Round "10"]
[Board "29"]
[White "Grachev Boris (RUS)"]
[Black "Bazeev German (RUS)"]
[Result "0-1"]
[LiveChessVersion "1.4.8"]
[BlackElo "2418"]
[WhiteElo "2669"]

1. Nf3 {[%clk 0:15:17]} Nf6 {[%clk 0:15:19]} 2. c4 {[%clk 0:15:26]} e6
{[%clk 0:15:22]} 3. e3 {[%clk 0:15:22]} b6 {[%clk 0:15:14]} 4. b3
{[%clk 0:15:20]} Bb7 {[%clk 0:15:23]} 5. Bb2 {[%clk 0:15:29]} g6 {[%clk 0:15:32]}
6. Be2 {[%clk 0:14:22]} Bg7 {[%clk 0:15:41]} 7. O-O {[%clk 0:14:30]} O-O
{[%clk 0:15:49]} 8. Nc3 {[%clk 0:14:31]} d6 {[%clk 0:15:31]} 9. d4
{[%clk 0:14:24]} Nbd7 {[%clk 0:15:36]} 10. Nd2 {[%clk 0:14:12]} d5
{[%clk 0:15:20]} 11. Bf3 {[%clk 0:13:01]} c6 {[%clk 0:14:23]} 12. Rc1
{[%clk 0:11:40]} a6 {[%clk 0:14:03]} 13. g3 {[%clk 0:11:25]} e5 {[%clk 0:14:03]}
14. cxd5 {[%clk 0:11:22]} cxd5 {[%clk 0:14:07]} 15. Ne2 {[%clk 0:10:57]} e4
{[%clk 0:14:12]} 16. Bg2 {[%clk 0:11:07]} Re8 {[%clk 0:14:11]} 17. Ba3
{[%clk 0:10:53]} a5 {[%clk 0:14:15]} 18. Nf4 {[%clk 0:10:02]} Ba6
{[%clk 0:14:14]} 19. Re1 {[%clk 0:10:11]} Nf8 {[%clk 0:13:31]} 20. Bf1
{[%clk 0:09:26]} Bxf1 {[%clk 0:13:37]} 21. Rxf1 {[%clk 0:09:30]} Qd7
{[%clk 0:13:33]} 22. Kg2 {[%clk 0:09:20]} a4 {[%clk 0:13:26]} 23. Bb4
{[%clk 0:07:11]} Bh6 {[%clk 0:13:26]} 24. bxa4 {[%clk 0:05:50]} Bxf4
{[%clk 0:13:33]} 25. gxf4 {[%clk 0:05:58]} Ne6 {[%clk 0:13:29]} 26. Kh1
{[%clk 0:05:50]} Rxa4 {[%clk 0:12:54]} 27. a3 {[%clk 0:05:58]} Raa8
{[%clk 0:12:49]} 28. Rg1 {[%clk 0:06:00]} Ng7 {[%clk 0:12:58]} 29. Nf1
{[%clk 0:05:54]} Nf5 {[%clk 0:12:57]} 30. Nd2 {[%clk 0:05:13]} h5
{[%clk 0:12:38]} 31. Qf1 {[%clk 0:05:19]} Rac8 {[%clk 0:12:39]} 32. Qg2
{[%clk 0:05:10]} Rxc1 {[%clk 0:11:23]} 33. Rxc1 {[%clk 0:05:19]} Rc8
{[%clk 0:11:32]} 34. Rg1 {[%clk 0:04:19]} Rc2 {[%clk 0:10:23]} 35. h3
{[%clk 0:04:11]} Kh7 {[%clk 0:09:22]} 36. Kh2 {[%clk 0:03:45]} Ne8
{[%clk 0:09:10]} 37. Qg5 {[%clk 0:03:32]} Neg7 {[%clk 0:09:13]} 38. Qf6
{[%clk 0:03:17]} Rc6 {[%clk 0:08:59]} 39. Qg5 {[%clk 0:03:17]} Ne6
{[%clk 0:08:54]} 40. Qg2 {[%clk 0:03:21]} Rc2 {[%clk 0:08:59]} 41. Qf1
{[%clk 0:03:00]} Qc7 {[%clk 0:08:20]} 42. Kh1 {[%clk 0:02:45]} Qd7
{[%clk 0:07:43]} 43. Kh2 {[%clk 0:02:47]} Rc8 {[%clk 0:07:29]} 44. Qe2
{[%clk 0:01:19]} Rg8 {[%clk 0:06:53]} 45. Nf1 {[%clk 0:00:27]} Kh6
{[%clk 0:06:49]} 46. f3 {[%clk 0:00:22]} exf3 {[%clk 0:05:57]} 47. Qxf3
{[%clk 0:00:29]} Qb5 {[%clk 0:05:59]} 48. Ng3 {[%clk 0:00:27]} Neg7
{[%clk 0:05:56]} 49. Qf2 {[%clk 0:00:14]} Re8 {[%clk 0:05:53]} 50. Nf1
{[%clk 0:00:15]} Qd3 {[%clk 0:05:45]} 51. Qd2 {[%clk 0:00:18]} Qe4
{[%clk 0:05:42]} 52. Rg2 {[%clk 0:00:15]} Nh4 {[%clk 0:05:32]} 53. Rf2
{[%clk 0:00:24]} Nf3+ {[%clk 0:05:37]} 54. Rxf3 {[%clk 0:00:32]} Qxf3
{[%clk 0:05:46]} 55. Kg1 {[%clk 0:00:11]} Nf5 {[%clk 0:05:51]} 56. Qf2
{[%clk 0:00:13]} Qxh3 {[%clk 0:05:56]} 57. Bd2 {[%clk 0:00:16]} Qg4+
{[%clk 0:05:51]} 58. Kh1 {[%clk 0:00:23]} Qh4+ {[%clk 0:05:59]} 59. Kg2
{[%clk 0:00:15]} Qxf2+ {[%clk 0:06:02]} 60. Kxf2 f6 0-1